Реализация обучения иноязычному общению как условие международной интеграции образования в вузах Томска и Китая; Вестник Томского государственного педагогического университета; № 8 (123)

Manylion Llyfryddiaeth
Parent link:Вестник Томского государственного педагогического университета/ Томский государственный педагогический университет (ТГПУ).— , 1997-
№ 8 (123).— 2012.— [С. 126-128]
Prif Awdur: Лелюшкина К. С. Кира Сергеевна
Awdur Corfforaethol: Национальный исследовательский Томский политехнический университет
Awduron Eraill: Сартакова Е. Е. Елена Евгеньевна
Crynodeb:Заглавие с экрана
В статье освещена сложившаяся ситуация в образовательной сфере, рассмотрены теоретические и методи- ческие аспекты обучения иноязычному личностно ориентированному общению, владение которым способст- вует адекватному диалогу культур, международной интеграции образования России и других стран, а следова- тельно, формированию профессионала высокого класса с непревзойденными возможностями.
The article demonstrates the current situation in education and some theoretical and methodical aspects of teaching foreign language personally-oriented communication that promotes the dialogue of cultures, the international integration of education in Russia and other countries and thus becoming professionals with great possibilities.
Режим доступа: по договору с организацией-держателем ресурса
Iaith:Rwseg
Cyhoeddwyd: 2012
Cyfres:Система педагогического образования как средство обеспечения процессов формирования сетевого взаимодействия образовательных учреждений
Pynciau:
Mynediad Ar-lein:http://vestnik.tspu.edu.ru/archive.html?year=2012&issue=8&article_id=3590
http://elibrary.ru/item.asp?id=17975922
Fformat: Electronig Pennod Llyfr
KOHA link:https://koha.lib.tpu.ru/cgi-bin/koha/opac-detail.pl?biblionumber=648677

MARC

LEADER 00000naa0a2200000 4500
001 648677
005 20250528150443.0
035 |a (RuTPU)RU\TPU\network\13836 
090 |a 648677 
100 |a 20160531d2012 k||y0rusy50 ca 
101 0 |a rus 
102 |a RU 
135 |a drcn ---uucaa 
181 0 |a i  
182 0 |a b 
200 1 |a Реализация обучения иноязычному общению как условие международной интеграции образования в вузах Томска и Китая   |d Realization of teaching foreign language communication as condition of the international integration of education at universities in Tomsk and China  |f К. С. Лелюшкина, Е. Е. Сартакова 
203 |a Текст  |c электронный 
225 1 |a Система педагогического образования как средство обеспечения процессов формирования сетевого взаимодействия образовательных учреждений 
300 |a Заглавие с экрана 
320 |a [Библиогр.: 4 назв.] 
330 |a В статье освещена сложившаяся ситуация в образовательной сфере, рассмотрены теоретические и методи- ческие аспекты обучения иноязычному личностно ориентированному общению, владение которым способст- вует адекватному диалогу культур, международной интеграции образования России и других стран, а следова- тельно, формированию профессионала высокого класса с непревзойденными возможностями. 
330 |a The article demonstrates the current situation in education and some theoretical and methodical aspects of teaching foreign language personally-oriented communication that promotes the dialogue of cultures, the international integration of education in Russia and other countries and thus becoming professionals with great possibilities. 
333 |a Режим доступа: по договору с организацией-держателем ресурса 
461 |t Вестник Томского государственного педагогического университета  |f Томский государственный педагогический университет (ТГПУ)  |d 1997- 
463 |t № 8 (123)  |v [С. 126-128]  |d 2012 
510 1 |a Realization of teaching foreign language communication as condition of the international integration of education at universities in Tomsk and China  |z eng 
610 1 |a электронный ресурс 
610 1 |a труды учёных ТПУ 
610 1 |a международная интеграция 
610 1 |a личностное самоопределение 
610 1 |a иноязычное общение 
700 1 |a Лелюшкина  |b К. С.  |c лингвист  |c доцент Томского политехнического университета, кандидат педагогических наук  |f 1973-  |g Кира Сергеевна  |3 (RuTPU)RU\TPU\pers\24583  |9 10881 
701 1 |a Сартакова  |b Е. Е.  |g Елена Евгеньевна 
712 0 2 |a Национальный исследовательский Томский политехнический университет  |c (2009- )  |9 26305 
801 2 |a RU  |b 63413507  |c 20160531  |g RCR 
850 |a 63413507 
856 4 0 |u http://vestnik.tspu.edu.ru/archive.html?year=2012&issue=8&article_id=3590 
856 4 0 |u http://elibrary.ru/item.asp?id=17975922 
942 |c CF